[Event "BAFDAG I"]
[Site "SchemingMind.com"]
[Date "2024.06.07"]
[Round "-"]
[White "Geoffrey Rosser"]
[Black "Derek Price"]
[Result "0-1"]
[WhiteCountry "ENG"]
[BlackCountry "ENG"]
[WhiteElo "1901"]
[WhiteRD "66"]
[BlackElo "2422"]
[BlackRD "66"]
[GameID "745094"]

1. e4 c5 2. f4 Nc6 3. Nf3 g6 4. Bc4 Bg7 5. O-O e6 6. c3 Nge7 7. Na3 d5 8. exd5 exd5 9. Bb3 O-O 10. d4 cxd4
11. cxd4 Bg4 12. Nb5 a6 13. Nc3 Nxd4 14. Bd2 Nxf3+ 15. gxf3 Bh3 16. Re1 Be6 17. Qe2 Nf5 18. Qg2 b5 19. Rad1 Qb6+ 20. Kh1 Rfd8
21. Qg1 Qc6 22. Rc1 Qd7 23. Ne2 Bxb2 24. Rc2 Bg7 25. Rec1 Rdc8 26. Ba5 Rxc2 27. Rxc2 Rc8 28. Qb6 Rxc2 29. Bxc2 Qd6 30. Bxf5 Qxb6
31. Bxb6 Bxf5 32. Kg2 Bb1 33. a3 Bd3 34. Kf2 Bxe2 35. Kxe2 Bf8 36. Kd3 Bxa3 37. Kd4 Bd6 38. h3 Bxf4 39. Kxd5 Kf8 40. Bc5+ Ke8
41. Kc6 Bd2 42. Kd5 a5 43. Bd4 a4 44. Kc5 b4 45. Kc4= Ke7 46. Kd3 Bc3 47. Bc5+ Ke6 48. Bf8 Kd5 49. f4 a3
0-1

[Event "BAFDAG I"]
[Site "SchemingMind.com"]
[Date "2024.06.07"]
[Round "-"]
[White "Derek Price"]
[Black "Phillip Beckett"]
[Result "1-0"]
[WhiteCountry "ENG"]
[BlackCountry "ENG"]
[WhiteElo "2422"]
[WhiteRD "66"]
[BlackElo "1494"]
[BlackRD "52"]
[GameID "745095"]

1. c4 e5 2. Nc3 Nf6 3. Nf3 Nc6 4. g3 Bb4 5. Bg2 d6 6. O-O O-O 7. d3 Bg4 8. h3 Be6 9. Bd2 Qd7 10. Kh2 Bxc3
11. Bxc3 a6 12. b3 Ne7 13. Ne1 c6 14. e4 Ng6 15. f4 exf4 16. gxf4 Nh4 17. f5 Bxf5 18. exf5 d5 19. Qd2 d4 20. Bb2 Qd6+
21. Qf4 Qxf4+ 22. Rxf4 Nxg2 23. Nxg2 Rad8 24. Rxd4 Rxd4 25. Bxd4 Rd8 26. Bxf6 gxf6 27. Rd1 Rd4 28. Kg3 Kg7 29. Kf3 b5 30. Ke3 c5
31. Nf4 Rd8 32. Nh5+ Kf8 33. Nxf6 Kg7 34. Ne4 f6 35. Nxc5 bxc4 36. Ne6+
1-0

[Event "BAFDAG I"]
[Site "SchemingMind.com"]
[Date "2024.06.07"]
[Round "-"]
[White "Phillip Beckett"]
[Black "Derek Price"]
[Result "0-1"]
[WhiteCountry "ENG"]
[BlackCountry "ENG"]
[WhiteElo "1494"]
[WhiteRD "52"]
[BlackElo "2422"]
[BlackRD "66"]
[GameID "745096"]

1. e4 c5 2. Nf3 d6 3. d4 cxd4 4. Nxd4 Nf6 5. Nc3 a6 6. Bg5 e6 7. f4 Be7 8. Qf3 h6 9. Bh4 Qc7 10. O-O-O Nbd7
11. Bd3 g5 12. fxg5 Ne5 13. Qe2 Nfg4 14. h3 hxg5 15. Bg3 Nf6 16. Bxe5 dxe5 17. Nf3 Nh5 18. g4 Ng3 19. Qg2 Nxh1 20. Rxh1 Bd7
21. Nd2 Rc8 22. Rf1 f6 23. Qf3 b5 24. Nb3 Qb6 25. Nd1 a5 26. Qe2 a4 27. Nd2 a3 28. b3 Rxh3 29. Nf2 Re3 30. Qd1 Qd4
31. c4 Qb2#
0-1

[Event "BAFDAG I"]
[Site "SchemingMind.com"]
[Date "2024.06.07"]
[Round "-"]
[White "Derek Price"]
[Black "abuteague"]
[Result "1-0"]
[WhiteCountry "ENG"]
[BlackCountry "USA"]
[WhiteElo "2422"]
[WhiteRD "66"]
[BlackElo "1621"]
[BlackRD "91"]
[GameID "745097"]

1. c4 e5 2. Nc3 Bb4 3. Nd5 Bc5 4. Nf3 c6 5. Nc3 Bd6 6. d4 Qf6 7. Ne4 Qe7 8. Nxd6+ Qxd6 9. Nxe5 Nf6 10. e3 O-O
11. Be2 Qe6 12. b3 d6 13. Nd3 Nbd7 14. O-O a6 15. f3 b5 16. Nf4 Qe7 17. e4 Bb7 18. Re1 c5 19. cxb5 axb5 20. Bxb5 h6
21. Bb2 Ba6 22. Bxa6 Rxa6 23. e5 dxe5 24. dxe5 Nh7 25. Nd5 Qd8 26. Qe2 Ng5 27. Qxa6 Ne6 28. Rad1 Qg5 29. f4 Nxf4 30. Nxf4 Qxf4
31. Rxd7 Qb4 32. Rf1 Qe4 33. e6 Qe3+ 34. Kh1
1-0

[Event "BAFDAG I"]
[Site "SchemingMind.com"]
[Date "2024.06.07"]
[Round "-"]
[White "abuteague"]
[Black "Derek Price"]
[Result "0-1"]
[WhiteCountry "USA"]
[BlackCountry "ENG"]
[WhiteElo "1621"]
[WhiteRD "91"]
[BlackElo "2422"]
[BlackRD "66"]
[GameID "745098"]

1. d4 d5 2. c4 c6 3. Nf3 Nf6 4. Nc3 e6 5. Bg5 h6 6. Bh4 dxc4 7. e4 g5 8. Bg3 b5 9. a3 a6 10. b3 cxb3
11. Qxb3 g4 12. Ne5 Qxd4 13. Rd1 Qc5 14. Nb1 Be7 15. Be2 Nxe4 16. Nxg4 Nxg3 17. hxg3 h5 18. Qc3 Qxc3+ 19. Nxc3 Nd7 20. O-O hxg4
21. Bxg4 Bxa3 22. Bf3 Bb7 23. Ne4 Ke7
0-1

[Event "BAFDAG I"]
[Site "SchemingMind.com"]
[Date "2024.06.07"]
[Round "-"]
[White "Derek Price"]
[Black "JAHI"]
[Result "*"]
[WhiteCountry "ENG"]
[BlackCountry "INT"]
[WhiteElo "2440"]
[WhiteRD "66"]
[BlackElo "2199"]
[BlackRD "87"]
[GameID "745099"]

1. c4 c6 2. g3 h6 3. Bg2 h5 4. Nf3 h4 5. Nxh4 Rxh4 6. gxh4 e6 7. h5 Qh4 8. d4 Nf6 9. Qd3 Nxh5 10. Qe4 Qxe4
11. Bxe4 Na6 12. a3 d6 13. Nc3 d5 14. Bf3 Nf6 15. cxd5 exd5 16. Bg5 Be7 17. h4 Nc7 18. h5 Bg4 19. Bxg4 Nxg4 20. Bxe7 Kxe7
21. Rg1 Nf6 22. Rxg7 Ne6 23. Rg3 Nxd4 24. O-O-O Ne6 25. h6 Rh8 26. Rh1 d4 27. Nb1 Ne4 28. Rf3 Rh7 29. Nd2 Nd6 30. Rg3 f6
31. Rg8 c5 32. a4 f5 33. Rh4 a6 34. a5 Nf7 35. Rb8 Ned8 36. Nb3 Kd6 37. Rh5 Kc7 38. Ra8 Rxh6 39. Rxh6 Nxh6 40. Nxc5 Nhf7
41. Nb3 Ne6 42. Kc2 Kc6 43. Re8 Kd7 44. Rg8 Kd6 45. Nc1 Kd5 46. Nd3 Nfd8 47. Nf4+ Kd6 48. Nxe6 Nxe6 49. Rh8 Kc6 50. Rh6 Kd5
51. Rh7 Kc6 52. Rf7 f4 53. Rf6 Kd5 54. Rf7 Kc6 55. Kd3 Nc5+ 56. Kxd4 Nb3+ 57. Kc3 Nc1 58. e3 fxe3 59. fxe3 Ne2+ 60. Kc4 Ng1
61. Rf6+ Kd7
*

[Event "BAFDAG I"]
[Site "SchemingMind.com"]
[Date "2024.06.07"]
[Round "-"]
[White "JAHI"]
[Black "Derek Price"]
[Result "*"]
[WhiteCountry "INT"]
[BlackCountry "ENG"]
[WhiteElo "2199"]
[WhiteRD "87"]
[BlackElo "2440"]
[BlackRD "66"]
[GameID "745100"]

1. d3 Nf6 2. d4 e6 3. Bg5 h6 4. Bxf6 Qxf6 5. e3 d6 6. g3 g6 7. Bh3 Bg7 8. Nd2 Qe7 9. Kf1 Nd7 10. c3 O-O
11. Ne2 e5 12. Kg2 f5 13. Qb3+ Kh7 14. Rhe1 g5 15. Kg1 e4 16. Rad1 Nf6 17. c4 c6 18. Nc3 Qf7 19. Qc2 Bd7 20. a3 Rad8
21. Rf1 h5 22. f3 exf3 23. Bxf5+ Bxf5 24. Qxf5+ Qg6 25. Qxg6+ Kxg6 26. Nxf3 Rfe8 27. Rfe1 Re7 28. e4 Rde8 29. h3 Nxe4 30. Nxe4 Rxe4
31. Ne5+ Kf5 32. g4+ hxg4 33. hxg4+ Rxg4+ 34. Nxg4 Rxe1+ 35. Rxe1 Kxg4 36. Kf1 Kf3 37. Re7 Bxd4 38. Rxb7 Ke3 39. b3 Kd3 40. a4 Bb6
41. Rd7 Kc3= 42. Rxd6 c5 43. Ke2 Kxb3 44. Kd3 Kxa4 45. Rg6 Kb3 46. Rxg5 Kb2 47. Rg4 Kb3 48. Rg1 Kb2 49. Rg7 Kb3= 50. Rg5 Kb4
51. Rg1 Kb3 52. Rb1+ Ka4 53. Rb5 Ka3 54. Kc2 Ka2 55. Kc1 Ka3 56. Kb1 Ka4 57. Kb2 Bd8 58. Rxc5 Kb4 59. Rc8 Bb6 60. Kc2 Bc5
61. Kd3 Bg1 62. Re8 Bc5 63. Rd8 Bg1 64. Rd7 Bb6= 65. Rb7
*

[Event "BAFDAG I"]
[Site "SchemingMind.com"]
[Date "2024.06.08"]
[Round "-"]
[White "Derek Price"]
[Black "splinter"]
[Result "*"]
[WhiteCountry "ENG"]
[BlackCountry "CAN"]
[WhiteElo "2440"]
[WhiteRD "66"]
[BlackElo "1816"]
[BlackRD "87"]
[GameID "745101"]

1. c4 c5 2. Nf3 Nf6 3. Nc3 Nc6 4. g3 g6 5. Bg2 Bg7 6. O-O O-O 7. d4 cxd4 8. Nxd4 Nxd4 9. Qxd4 d6 10. Qd3 Rb8
11. Be3 b6 12. Bd4 Ba6 13. Rfd1 Rc8 14. b3 Qd7 15. a4 Rfd8 16. Ra2 e6 17. a5 Bb7 18. axb6 Bxg2 19. Kxg2 Qb7+ 20. Qf3 Qxf3+
21. exf3 axb6 22. Bxb6 Rd7 23. Nb5 Bf8 24. Ra6 Ne8 25. c5 d5 26. b4 Rb7 27. Rda1 Bg7 28. R1a4 d4 29. Na7
*

[Event "BAFDAG I"]
[Site "SchemingMind.com"]
[Date "2024.06.07"]
[Round "-"]
[White "splinter"]
[Black "Derek Price"]
[Result "*"]
[WhiteCountry "CAN"]
[BlackCountry "ENG"]
[WhiteElo "1816"]
[WhiteRD "87"]
[BlackElo "2440"]
[BlackRD "66"]
[GameID "745102"]

1. c4 e5 2. Nc3 Nf6 3. g3 Nc6 4. Bg2 Bc5 5. e3 O-O 6. Nge2 Re8 7. O-O a6 8. a3 Ba7 9. b4 d6 10. Bb2 Bf5
11. Nd5 Nxd5 12. cxd5 Ne7 13. e4 Bd7 14. d4 f6 15. dxe5 fxe5 16. Kh1 c6 17. f4 cxd5 18. fxe5 dxe5 19. exd5 Nf5 20. Bc1 Kh8
21. Nc3 Bd4 22. Bb2 Ne3 23. Qd3 Nxf1 24. Rxf1 Rc8 25. Rc1 Rf8 26. Ba1 Qg5 27. Re1 Qh6 28. Ne2 Bxa1 29. Rxa1 Bb5 30. Qd1 Bxe2
*

[Event "BAFDAG I"]
[Site "SchemingMind.com"]
[Date "2024.06.08"]
[Round "-"]
[White "Derek Price"]
[Black "eliecercruzr"]
[Result "1/2-1/2"]
[WhiteCountry "ENG"]
[BlackCountry "CUB"]
[WhiteElo "2422"]
[WhiteRD "66"]
[BlackElo "2414"]
[BlackRD "59"]
[GameID "745103"]

1. c4 e5 2. Nc3 Nf6 3. Nf3 Nc6 4. g3 Bb4 5. Bg2 O-O 6. O-O e4 7. Ne1 Bxc3 8. dxc3 h6 9. Nc2 d6 10. Ne3 Re8
11. Qc2 b6 12. Bd2 a5 13. Rad1 a4 14. Bc1 Be6 15. b3 Ne5 16. Bxe4 Nxe4 17. Qxe4 Bh3 18. Rfe1 Ng4 19. Qc2 Nxe3 20. Bxe3 Re6
21. Bc1 Qe7 22. f3 Re8 23. Kf2 Qf6 24. e4=
1/2-1/2

[Event "BAFDAG I"]
[Site "SchemingMind.com"]
[Date "2024.06.07"]
[Round "-"]
[White "eliecercruzr"]
[Black "Derek Price"]
[Result "1/2-1/2"]
[WhiteCountry "CUB"]
[BlackCountry "ENG"]
[WhiteElo "2435"]
[WhiteRD "59"]
[BlackElo "2440"]
[BlackRD "66"]
[GameID "745104"]

1. e4 c5 2. c3 Nf6 3. e5 Nd5 4. Nf3 Nc6 5. Bc4 Nb6 6. Bb3 c4 7. Bc2 Qc7 8. O-O Nxe5 9. Nxe5 Qxe5 10. Re1 Qc7
11. a4 e6 12. d3 cxd3 13. Qxd3 Be7 14. Na3 a6 15. a5 Nd5 16. Bb3 Nf6 17. Nc4 Bc5 18. Be3 Bxe3 19. Rxe3 Rb8 20. Nd6+ Kf8
21. Qd4 b6 22. Re5 Ne8 23. Nc4 b5 24. Nb6 d6 25. Re3 Qc5 26. Rd1 Qxd4 27. cxd4 Nf6 28. Rc3 Bb7 29. Rdc1 g5 30. Rc7 g4
31. R1c3 h5 32. Nd7+ Nxd7 33. Rxd7 Bc8 34. Ra7 Kg7 35. h4 gxh3 36. Rg3+ Kf8 37. Rxh3 b4 38. Bc4 Bb7 39. Bxa6 Bd5 40. Be2 Kg7
41. Bxh5 Rb7 42. Ra6 Rc7 43. Rxd6 Kf6 44. a6 Kg5 45. Bg4 Rxh3= 46. Bxh3 b3 47. Kh2 Rc1 48. Kg3 f5 49. a7 Ra1 50. Rd7 Ra2
51. f4+ Kf6 52. Kh4 Bc6 53. Rh7 Rxb2 54. Rh6+ Ke7 55. Bxf5 Re2 56. Bd3=
1/2-1/2

[Event "BAFDAG I"]
[Site "SchemingMind.com"]
[Date "2024.06.05"]
[Round "-"]
[White "Geoffrey Rosser"]
[Black "Phillip Beckett"]
[Result "1-0"]
[WhiteCountry "ENG"]
[BlackCountry "ENG"]
[WhiteElo "1894"]
[WhiteRD "63"]
[BlackElo "1529"]
[BlackRD "51"]
[GameID "745105"]

1. e4 e5 2. Nf3 Nc6 3. d4 exd4 4. Nxd4 Bc5 5. c3 Qf6 6. Be3 Nge7 7. Qd2 Nxd4 8. cxd4 Bb6 9. Nc3 c6 10. Be2 O-O
11. b3 Ng6 12. O-O d6 13. Rad1 h6 14. f4 Qd8 15. f5 Ne7 16. Bxh6 Bxd4+ 17. Qxd4 gxh6 18. Qxd6 Qxd6 19. Rxd6 b6 20. Rxh6 Kg7
21. Rh5 Bb7 22. f6+ Kg6 23. fxe7 Rfe8 24. e5 Rxe7 25. Rf6+ Kg7 26. Rg5+ Kf8 27. Ne4 Rae8 28. Bh5 c5 29. Nd6 Rd8 30. Bxf7
1-0

[Event "BAFDAG I"]
[Site "SchemingMind.com"]
[Date "2024.06.05"]
[Round "-"]
[White "Phillip Beckett"]
[Black "Geoffrey Rosser"]
[Result "0-1"]
[WhiteCountry "ENG"]
[BlackCountry "ENG"]
[WhiteElo "1529"]
[WhiteRD "51"]
[BlackElo "1894"]
[BlackRD "63"]
[GameID "745106"]

1. d4 Nf6 2. e3 d5 3. Bd3 e6 4. Nd2 c5 5. c3 c4 6. Bc2 Bd6 7. Ngf3 b5 8. O-O O-O 9. e4 Ne8 10. e5 Be7
11. a4 b4 12. Re1 b3 13. Bb1 f6 14. exf6 Bxf6 15. Ne5 Nd7 16. Nxd7 Bxd7 17. Nf3 a5 18. Ne5 Bxe5 19. Rxe5 Qf6 20. f4 Nd6
21. Qe2 Rae8 22. f5 exf5 23. Rxe8 Rxe8 24. Qf2 Ne4 25. Bxe4 Rxe4 26. Be3 Qe6 27. Bf4 Re2 28. Qf3 Rxb2 29. Rf1 Ra2 30. Be5 Rxa4
31. Qg3 Qg6 32. Qf2 Ra2 33. Qf3 Be6 34. Bg3 a4 35. Qf4 h6 36. Qb8+ Kh7 37. Be5 Qxg2#
0-1

[Event "BAFDAG I"]
[Site "SchemingMind.com"]
[Date "2024.06.05"]
[Round "-"]
[White "Geoffrey Rosser"]
[Black "abuteague"]
[Result "1-0"]
[WhiteCountry "ENG"]
[BlackCountry "USA"]
[WhiteElo "1894"]
[WhiteRD "63"]
[BlackElo "1581"]
[BlackRD "97"]
[GameID "745107"]

1. e4 d6 2. d4 Nf6 3. Nc3 c6 4. f3 g6 5. Bd3 Bg7 6. Nge2 b5 7. O-O O-O 8. Qe1 b4 9. Nd1 a5 10. Ne3 Ba6
11. Bxa6 Rxa6 12. Qh4 e5 13. dxe5 dxe5 14. Rd1 Qb6 15. Kh1 Qb5 16. Qf2 Nbd7 17. c4 Qb6 18. g4 Rd8 19. b3 Nc5 20. Bb2 Ne8
21. Qh4 Bf6 22. g5 Bg7 23. Rxd8 Qxd8 24. Rd1 Qe7 25. Ng4 Ra7 26. Nh6+ Kh8 27. Ng3 Rd7 28. Rb1 Nd3 29. Ba1 Nf4 30. Nf1 Rd3
31. Qf2 Bxh6 32. gxh6 Qg5 33. Qg3 Qxg3 34. hxg3 Ne2 35. Kg2 f6 36. Kf2 Nc3 37. Bxc3 Rxc3 38. Rd1 Kg8 39. Ne3 a4 40. Ng4 axb3
41. axb3 Rxb3 42. Rd8 Kf7 43. Rd7+ Kg8 44. Re7 Kf8 45. Rxh7 Kg8 46. Re7 Nd6 47. Nxf6+ Kf8 48. Rg7 Nf7 49. Nd7+ Ke8 50. h7
1-0

[Event "BAFDAG I"]
[Site "SchemingMind.com"]
[Date "2024.06.06"]
[Round "-"]
[White "abuteague"]
[Black "Geoffrey Rosser"]
[Result "0-1"]
[WhiteCountry "USA"]
[BlackCountry "ENG"]
[WhiteElo "1581"]
[WhiteRD "97"]
[BlackElo "1894"]
[BlackRD "63"]
[GameID "745108"]

1. d4 Nf6 2. Bg5 e6 3. e4 Be7 4. Nd2 O-O 5. Bd3 Nd5 6. Bxe7 Nxe7 7. Ngf3 d6 8. O-O c5 9. dxc5 dxc5 10. a4 Nbc6
11. Nc4 Nb4 12. Nce5 f6 13. Nc4 Nxd3 14. Qxd3 Qxd3 15. cxd3 Rd8 16. Rfd1 Nc6 17. Ne3 Nd4 18. Nxd4 Rxd4 19. f3 b6 20. Nc2 Rd6
21. Ne1 Ba6 22. Rd2 e5 23. Kf2 c4 24. Ke3 Rad8 25. Rad1 cxd3 26. Nxd3 Bxd3 27. Rxd3 Rxd3+ 28. Rxd3 Rc8 29. h4 Rc7 30. h5 Kf7
31. g4 Ke7 32. b3 Kf7 33. f4 exf4+ 34. Kxf4 Ke7 35. Kf5 g6+ 36. hxg6 Rc5+ 37. Kf4 hxg6 38. Re3 Ke6 39. Rd3 g5+ 40. Kf3 Ke5
41. Ke3 a6 42. b4 Rc4 43. Rd5+ Ke6 44. Rd4 Rc1 45. a5 bxa5 46. bxa5 Rg1 47. Kf3 Rf1+ 48. Ke3 Rf4 49. Rb4 Rxg4 50. Rb6+ Ke5
51. Rxa6 Rxe4+ 52. Kf3 Ra4 53. Ra8 g4+ 54. Kg3 Kf5 55. a6 Ra3+ 56. Kg2 Kf4 57. a7 f5 58. Kf2 Ra2+ 59. Kf1 Kf3 60. Ke1 g3
0-1

[Event "BAFDAG I"]
[Site "SchemingMind.com"]
[Date "2024.06.05"]
[Round "-"]
[White "Geoffrey Rosser"]
[Black "JAHI"]
[Result "0-1"]
[WhiteCountry "ENG"]
[BlackCountry "INT"]
[WhiteElo "1894"]
[WhiteRD "63"]
[BlackElo "2163"]
[BlackRD "75"]
[GameID "745109"]

1. e4 c6 2. d4 Na6 3. Bxa6 Qa5+ 4. Nc3 Qxa6 5. Nge2 d6 6. O-O g6 7. f4 Bg4 8. f5 Bg7 9. Be3 Nf6 10. Qd3 Qxd3
11. cxd3 Bxe2 12. Nxe2 Kd7 13. fxg6 hxg6 14. e5 dxe5 15. dxe5 Ng4 16. Bf4 Nxe5 17. Bxe5 Bxe5 18. h3 Raf8 19. d4 Bc7 20. Rfd1 Rh5
21. Nc3 e6 22. Ne4 Kc8 23. Nf6 Rf5 24. Rf1 Bb6 25. Rad1 Rd8 26. Ne4 Rxd4 27. Rxd4 Bxd4+ 28. Nf2 Bxb2 29. Rd1 Ra5 30. Ne4 Rxa2
31. Nd6+ Kc7 32. Nxf7 Ra1
0-1

[Event "BAFDAG I"]
[Site "SchemingMind.com"]
[Date "2024.06.05"]
[Round "-"]
[White "JAHI"]
[Black "Geoffrey Rosser"]
[Result "1-0"]
[WhiteCountry "INT"]
[BlackCountry "ENG"]
[WhiteElo "2190"]
[WhiteRD "77"]
[BlackElo "1901"]
[BlackRD "66"]
[GameID "745110"]

1. d3 e5 2. c3 d5 3. g3 Bc5 4. Bh3 Nf6 5. Bxc8 Qxc8 6. h3 Qf5 7. d4 Bb6 8. Kf1 Ne4 9. Nf3 Nc6 10. Be3 h5
11. h4 Nxg3+ 12. fxg3 e4 13. Kg2 exf3+ 14. exf3 Ne5 15. Nd2 O-O-O= 16. Qb1 Qxb1 17. Raxb1 f6 18. Rhe1 Nf7 19. Bf2 Nd6 20. Re6 Rhe8
21. Rxe8 Rxe8 22. Re1 Rxe1 23. Bxe1 Kd7 24. g4 hxg4 25. fxg4 Ne4 26. Nxe4 dxe4 27. Kg3 Ke6 28. Kf4 Kd5 29. Bf2 c6 30. h5 Bc7+
31. Kf5 b6 32. Kg6 Bf4 33. Kxg7 e3 34. Bxe3 Bxe3 35. Kxf6 Bc1 36. g5 Bxb2 37. h6 Bxc3 38. g6 Bxd4+ 39. Kf5 c5 40. g7 Bxg7
41. hxg7 c4 42. g8=Q+ Kd4 43. Qd8+
1-0

[Event "BAFDAG I"]
[Site "SchemingMind.com"]
[Date "2024.06.06"]
[Round "-"]
[White "Geoffrey Rosser"]
[Black "splinter"]
[Result "*"]
[WhiteCountry "ENG"]
[BlackCountry "CAN"]
[WhiteElo "1925"]
[WhiteRD "67"]
[BlackElo "1816"]
[BlackRD "87"]
[GameID "745111"]

1. e4 c5 2. Nf3 Nc6 3. d4 cxd4 4. Nxd4 g6 5. Nxc6 bxc6 6. Bd3 Bg7 7. O-O d5 8. exd5 Qxd5 9. Qe2 Nf6 10. Nc3 Qd8
11. Bg5 O-O 12. Rae1 Re8 13. Ne4 Be6 14. Nxf6+ exf6 15. Bh4 Bxa2 16. Qxe8+ Qxe8 17. Rxe8+ Rxe8 18. Ra1 Be6 19. Rxa7 Bf5 20. f3 Bxd3
21. cxd3 g5 22. Bf2 f5 23. Rb7 h5 24. Bc5 Rd8 25. Rb3 Bd4+ 26. Bxd4 Rxd4 27. Kf2 Kg7 28. Rc3 Rd6 29. Ke3 f4+ 30. Kd2 f5
31. Rc4 Kf6 32. b4 Ke6 33. Kc3 h4 34. Kd2 Kd7 35. Ke2 Re6+ 36. Kd2 Kd6 37. Rc5 Re5 38. Rc1 Rb5 39. Rb1 c5 40. bxc5+ Rxc5
41. Rb6+ Kd5 42. Rg6 Ra5 43. Rxg5 Ra2+ 44. Kc3 Ke5 45. d4+ Kf6 46. Rh5 Rxg2 47. Rxh4 Kg5 48. Rh8 Rf2 49. h4+ Kf6 50. h5 Rxf3+
51. Kd2 Kg7 52. Rc8 Rf2+ 53. Ke1 Rh2 54. d5 Kf7 55. Rc7+ Ke8 56. Rh7 f3 57. h6
*

[Event "BAFDAG I"]
[Site "SchemingMind.com"]
[Date "2024.06.06"]
[Round "-"]
[White "splinter"]
[Black "Geoffrey Rosser"]
[Result "0-1"]
[WhiteCountry "CAN"]
[BlackCountry "ENG"]
[WhiteElo "1816"]
[WhiteRD "87"]
[BlackElo "1925"]
[BlackRD "67"]
[GameID "745112"]

1. c4 Nf6 2. Nc3 g6 3. g3 Bg7 4. Bg2 c6 5. Nf3 O-O 6. d4 d5 7. b3 dxc4 8. bxc4 Be6 9. c5 Nd5 10. Bb2 Nxc3
11. Bxc3 Nd7 12. O-O Nxc5 13. Qc2 Bf5 14. Qb2 Ne4 15. Rad1 Nxc3 16. Qxc3 Rc8 17. Qb4 Rc7 18. Rfe1 Rd7 19. e3 e5 20. Rd2 exd4
21. exd4 Be6 22. a4 Bd5 23. Red1 Qf6 24. Ne5 Qd6 25. Qxd6 Rxd6 26. Bxd5 Rxd5 27. f4 Rfd8 28. Kf2 Bxe5 29. fxe5 Kf8 30. Ke3 Ke7
31. g4 Ke6 32. h4 c5 33. g5 cxd4+ 34. Rxd4 Rxd4 35. Rxd4 Rxd4 36. Kxd4 b6 37. Ke4 a6 38. Kd4 b5 39. axb5 axb5
0-1

[Event "BAFDAG I"]
[Site "SchemingMind.com"]
[Date "2024.06.06"]
[Round "-"]
[White "Geoffrey Rosser"]
[Black "eliecercruzr"]
[Result "0-1"]
[WhiteCountry "ENG"]
[BlackCountry "CUB"]
[WhiteElo "1893"]
[WhiteRD "68"]
[BlackElo "2437"]
[BlackRD "63"]
[GameID "745113"]

1. e4 c5 2. f4 d5 3. d3 e6 4. Be3 Nf6 5. exd5 exd5 6. Be2 Bd6 7. Nf3 O-O 8. O-O Re8 9. Ne5 Nc6 10. Nxc6 bxc6
11. Bd2 Rb8 12. b3 c4 13. Re1 cxd3 14. Bxd3 Ng4 15. g3 Qb6+
0-1

[Event "BAFDAG I"]
[Site "SchemingMind.com"]
[Date "2024.06.06"]
[Round "-"]
[White "eliecercruzr"]
[Black "Geoffrey Rosser"]
[Result "1-0"]
[WhiteCountry "CUB"]
[BlackCountry "ENG"]
[WhiteElo "2429"]
[WhiteRD "66"]
[BlackElo "1894"]
[BlackRD "63"]
[GameID "745114"]

1. e4 e5 2. Nf3 Nc6 3. Bc4 Nf6 4. d3 Be7 5. O-O d5 6. exd5 Nxd5 7. Re1 O-O 8. Nxe5 Nxe5 9. Rxe5 Nf6 10. Nc3 Bd6
11. Re1 Ng4 12. h3 Qh4 13. Ne4 Bh2+ 14. Kf1 Nf6 15. Bg5 Qxh3 16. gxh3 Bxh3+ 17. Ke2 Nxe4 18. dxe4 Rae8 19. Bd3 Bf5 20. Kd2
1-0

[Event "BAFDAG I"]
[Site "SchemingMind.com"]
[Date "2024.06.05"]
[Round "-"]
[White "Phillip Beckett"]
[Black "abuteague"]
[Result "0-1"]
[WhiteCountry "ENG"]
[BlackCountry "USA"]
[WhiteElo "1494"]
[WhiteRD "52"]
[BlackElo "1621"]
[BlackRD "91"]
[GameID "745115"]

1. d4 d6 2. e3 Nc6 3. f4 Nf6 4. Nf3 Bf5 5. c3 g6 6. Bd3 Bxd3 7. Qxd3 Bg7 8. O-O O-O 9. e4 e5 10. fxe5 dxe5
11. d5 Ne7 12. Bg5 Qd6 13. Nbd2 c6 14. Nc4 Qc5+ 15. Be3 Qb5 16. Ncxe5 Qxd3 17. Nxd3 cxd5 18. exd5 Nexd5 19. Bd4 b6 20. Rfe1 Rfe8
21. Kf1 Rxe1+ 22. Rxe1 Ng4 23. h3 Bxd4 24. cxd4 Ngf6 25. Nde5 Rd8 26. Rc1 Ne4 27. Nh4 Ng3+ 28. Kf2 Nh5 29. Ng4 Ndf4 30. Rd1 Nd5
31. Nh6+ Kg7 32. Ng4 Nhf4 33. Ne5 Ne6 34. a3 Ndc7 35. Nhf3 Nd5 36. Nc6 Rd7 37. Nfe5 Rc7 38. Nb4 Nxb4 39. axb4 Rc2+ 40. Kg3 Rxb2
41. d5 Ng5 42. d6 Rxb4 43. d7 Ne6 44. d8=Q Nxd8 45. Rxd8 a5 46. Rd7 Rb3+ 47. Kh2 a4 48. Nxf7 Kf6 49. Ra7 a3 50. Nd6 h5
51. Nc4 b5 52. Nxa3 b4 53. Nc4 Rc3 54. Nd6 Rc6 55. Ne4+ Kf5 56. Ng3+ Kg5 57. Rb7 Rc4 58. Rb5+ Kf6 59. Rb6+ Kg5 60. Rb5+ Kh6
61. Rb6 Kg5 62. Rb5+ Kh6 63. Ne2 h4 64. Rb8 g5 65. Rh8+ Kg7 66. Rb8 Kf6 67. Rb5 Kg6 68. Rb6+ Kf5 69. g4+ Ke5 70. Rb5+ Kf6
71. Rf5+ Kg6 72. Rb5 Rc2 73. Re5 b3 74. Kg1 b2 75. Rb5 Rxe2 76. Kf1 Rc2 77. Kg1 Rc1+ 78. Kg2 b1=Q
0-1

[Event "BAFDAG I"]
[Site "SchemingMind.com"]
[Date "2024.06.06"]
[Round "-"]
[White "abuteague"]
[Black "Phillip Beckett"]
[Result "0-1"]
[WhiteCountry "USA"]
[BlackCountry "ENG"]
[WhiteElo "1581"]
[WhiteRD "97"]
[BlackElo "1529"]
[BlackRD "51"]
[GameID "745116"]

1. d4 d5 2. c4 e6 3. Nc3 Nf6 4. Nf3 Be7 5. Bf4 c6 6. e3 O-O 7. Bd3 Nbd7 8. O-O dxc4 9. Bxc4 c5 10. dxc5 Nxc5
11. b3 Bd7 12. Qc2 Bc6 13. Rad1 Qb6 14. Rd2 Rad8 15. Rfd1 Nce4 16. Rxd8 Rxd8 17. Rxd8+ Qxd8 18. h3 Nxc3 19. Qxc3 Qd1+ 20. Bf1 Nd5
21. Qd2 Qxd2 22. Nxd2 Nc3 23. a4 Nd5 24. Bg3 Nb4 25. Nc4 a6 26. Bd6 Bxd6 27. Nxd6 Bd5 28. Bc4 Bxc4 29. Nxc4 Nc6 30. Nd6 b6
31. Kf1 f6 32. Ke2 Na5 33. b4 Nc6 34. b5 axb5 35. axb5 Na7 36. Kd3 Kf8 37. Kc4 Ke7 38. Nc8+ Nxc8 39. e4 Nd6+
0-1

[Event "BAFDAG I"]
[Site "SchemingMind.com"]
[Date "2024.06.05"]
[Round "-"]
[White "Phillip Beckett"]
[Black "JAHI"]
[Result "0-1"]
[WhiteCountry "ENG"]
[BlackCountry "INT"]
[WhiteElo "1529"]
[WhiteRD "51"]
[BlackElo "2163"]
[BlackRD "75"]
[GameID "745117"]

1. d4 c6 2. e4 Na6 3. Nc3 b6 4. Nf3 b5 5. a3 b4 6. axb4 Nxb4 7. Ne2 Na6 8. Be3 Nc7 9. c3 g6 10. Ng3 h6
11. Bd3 Bg7 12. O-O Kf8 13. Qd2 Nf6 14. Ra2 Kg8 15. e5 Nfd5 16. Rfa1 a6 17. c4 Nxe3 18. fxe3 d6 19. exd6 exd6 20. Ne4 Kh7
21. c5 dxc5 22. dxc5 Rb8 23. Nd6 Be6 24. Bxa6 Bxa2 25. Rxa2 Nxa6 26. Rxa6 Rxb2 27. Qa5 Qe7 28. Ra7 Qxe3+ 29. Kf1 Qf2#
0-1

[Event "BAFDAG I"]
[Site "SchemingMind.com"]
[Date "2024.06.05"]
[Round "-"]
[White "JAHI"]
[Black "Phillip Beckett"]
[Result "1-0"]
[WhiteCountry "INT"]
[BlackCountry "ENG"]
[WhiteElo "2163"]
[WhiteRD "75"]
[BlackElo "1529"]
[BlackRD "51"]
[GameID "745118"]

1. d3 d5 2. d4 Nf6 3. g3 Bf5 4. Bh3 Qd7 5. Bxf5 Qxf5 6. Qd3 Qxd3 7. cxd3 e6 8. h3 c5 9. Nc3 Nc6 10. dxc5 Bxc5
11. h4 Ng4 12. Nh3 Nb4 13. Kf1 Nc2 14. Rb1 Nd4 15. f3 Nf6 16. Be3 Nb3 17. Bxc5 Nxc5 18. Rc1 Na6 19. d4 O-O 20. Nf4 Rac8
21. Kf2 Nb4 22. Nb5 a6 23. Nd6 Rxc1 24. Rxc1 Rd8 25. a3 g6 26. Nxb7 Rb8 27. Na5 Na2 28. Rc2 Rb5 29. Nc6 a5 30. b3 Rxb3
31. Rxa2 a4 32. Nd3 Nd7 33. Rc2 Rxa3 34. Nd8 Kf8 35. Rc7 Ke8 36. Nc6 Ra1 37. Rc8#
1-0

[Event "BAFDAG I"]
[Site "SchemingMind.com"]
[Date "2024.06.06"]
[Round "-"]
[White "Phillip Beckett"]
[Black "splinter"]
[Result "0-1"]
[WhiteCountry "ENG"]
[BlackCountry "CAN"]
[WhiteElo "1529"]
[WhiteRD "51"]
[BlackElo "1869"]
[BlackRD "89"]
[GameID "745119"]

1. d4 d6 2. e4 b6 3. Nf3 Bb7 4. Nc3 g6 5. Bd3 Bg7 6. O-O c5 7. Bb5+ Bc6 8. Bxc6+ Nxc6 9. dxc5 bxc5 10. Nd5 e6
11. Ne3 Nge7 12. Nc4 d5 13. exd5 exd5 14. Ne3 O-O 15. c3 f5 16. Ng5 Qd7 17. Re1 Rf6 18. Nc4 Rd8 19. Ne5 Nxe5 20. Bf4 N5c6
21. Be5 Nxe5 22. Rxe5 Rd6 23. Re2 Nc6 24. Qd2 d4 25. cxd4 Nxd4 26. Re3 Nf3+
0-1